Religion in context : (Record no. 122857)
[ view plain ]
| 000 -LEADER | |
|---|---|
| fixed length control field | 01505pam a2200373 a 4500 |
| 001 - CONTROL NUMBER | |
| control field | 4802057 |
| 003 - CONTROL NUMBER IDENTIFIER | |
| control field | ARRUPE |
| 005 - DATE AND TIME OF LATEST TRANSACTION | |
| control field | 20150518174713.0 |
| 008 - FIXED-LENGTH DATA ELEMENTS--GENERAL INFORMATION | |
| fixed length control field | 880616s1988 mdu b 001 0 eng |
| 010 ## - LIBRARY OF CONGRESS CONTROL NUMBER | |
| LC control number | 88021772 |
| 020 ## - INTERNATIONAL STANDARD BOOK NUMBER | |
| International Standard Book Number | 0819171379 (alk. paper) |
| 020 ## - INTERNATIONAL STANDARD BOOK NUMBER | |
| International Standard Book Number | 0819171387 (pbk. : alk. paper) |
| 040 ## - CATALOGING SOURCE | |
| Original cataloging agency | DLC |
| Transcribing agency | DLC |
| Modifying agency | DLC |
| 050 00 - LIBRARY OF CONGRESS CALL NUMBER | |
| Classification number | B995.L654 |
| Item number | R45 |
| 082 00 - DEWEY DECIMAL CLASSIFICATION NUMBER | |
| Classification number | 230/.2/0924 |
| Edition number | 19 |
| 300 ## - PHYSICAL DESCRIPTION | |
| Dimensions | 24 cm. |
| 100 ## - MAIN ENTRY--PERSONAL NAME | |
| Personal name | Fallon, Timothy P. |
| 9 (RLIN) | 17880 |
| 245 00 - TITLE STATEMENT | |
| Title | Religion in context : |
| Remainder of title | recent studies in Lonergan / |
| Statement of responsibility, etc | [edited by] Timothy P. Fallon, Philip Boo Riley. |
| 260 ## - PUBLICATION, DISTRIBUTION, ETC. (IMPRINT) | |
| Place of publication, distribution, etc | Lanham : |
| Name of publisher, distributor, etc | University Press of America, |
| Date of publication, distribution, etc | c1988. |
| 300 ## - PHYSICAL DESCRIPTION | |
| Extent | 201 p. ; |
| 490 1# - SERIES STATEMENT | |
| Series statement | Resources in religion / College Theology Society ; |
| Volume number/sequential designation | 4 |
| 500 ## - GENERAL NOTE | |
| General note | "Co-published by arrangement with the College Theology Society"--T.p. verso. |
| 504 ## - BIBLIOGRAPHY, ETC. NOTE | |
| Bibliography, etc | Includes bibliographical references and index. |
| 600 10 - SUBJECT ADDED ENTRY--PERSONAL NAME | |
| Personal name | Lonergan, Bernard J. F. |
| 9 (RLIN) | 17881 |
| 610 20 - SUBJECT ADDED ENTRY--CORPORATE NAME | |
| Corporate name or jurisdiction name as entry element | Catholic Church |
| General subdivision | Doctrines |
| -- | History |
| Chronological subdivision | 20th century. |
| 9 (RLIN) | 17882 |
| 650 #0 - SUBJECT ADDED ENTRY--TOPICAL TERM | |
| Topical term or geographic name as entry element | Theology, Doctrinal |
| General subdivision | History |
| Chronological subdivision | 20th century. |
| 9 (RLIN) | 925 |
| 650 #0 - SUBJECT ADDED ENTRY--TOPICAL TERM | |
| Topical term or geographic name as entry element | Philosophy, Modern |
| Chronological subdivision | 20th century. |
| 9 (RLIN) | 17883 |
| 700 1# - ADDED ENTRY--PERSONAL NAME | |
| Personal name | Fallon, Timothy P., |
| Dates associated with a name | 1922- |
| 9 (RLIN) | 17884 |
| 700 1# - ADDED ENTRY--PERSONAL NAME | |
| Personal name | Riley, Philip Boo, |
| Dates associated with a name | 1951- |
| 9 (RLIN) | 17885 |
| 710 2# - ADDED ENTRY--CORPORATE NAME | |
| Corporate name or jurisdiction name as entry element | College Theology Society. |
| 9 (RLIN) | 17886 |
| 830 #0 - SERIES ADDED ENTRY--UNIFORM TITLE | |
| Uniform title | Resources in religion ; |
| Volume number/sequential designation | 4. |
| 9 (RLIN) | 17887 |
| 906 ## - LOCAL DATA ELEMENT F, LDF (RLIN) | |
| a | 7 |
| b | cbc |
| c | orignew |
| d | 1 |
| e | ocip |
| f | 19 |
| g | y-gencatlg |
| 942 ## - ADDED ENTRY ELEMENTS (KOHA) | |
| Source of classification or shelving scheme | Library of Congress Classification |
| Koha item type | Monograph ( Printed materials) |
| Withdrawn status | Lost status | Source of classification or shelving scheme | Damaged status | Not for loan | Collection code | Home library | Current library | Shelving location | Date acquired | Total Checkouts | Full call number | Barcode | Date last seen | Price effective from | Koha item type |
|---|---|---|---|---|---|---|---|---|---|---|---|---|---|---|---|
| Library of Congress Classification | Main Collection | ARRUPE LIBRARY | ARRUPE LIBRARY | Main Collection | 18/05/2015 | B995.L654R45 | 46500002312 | 18/05/2015 | 18/05/2015 | Monograph ( Printed materials) |